| 000 | 00371nam a22001457a 4500 | ||
|---|---|---|---|
| 003 | OSt | ||
| 005 | 20240119105401.0 | ||
| 008 | 240119b |||||||| |||| 00| 0 eng d | ||
| 020 | _a9789355858597 | ||
| 040 | _c | ||
| 082 |
_2I _a371.2/VHA |
||
| 245 |
_aAPPLIED SCIENCE PHYSICS _cVHANKHANDE BALASAHEB _hENGLISH |
||
| 260 |
_aPUNE _bTECHNICAL PUBL _c2024 |
||
| 942 |
_2ddc _cBK _n0 |
||
| 999 |
_c36030 _d36030 |
||